Sistemas de clasificación para contenidos mediáticos: una revisión en ocho países /
En este artículo se hace una revisión detallada de una serie de sistemas de clasificación que operan los países que más preocupación han mostrado por calibrar aspectos cualitativos de los contenidos mediáticos. Sobre dicho panorama, se contrasta con el sistema de catalogación que actualmente opera e...
Enregistré dans:
| Auteur principal: | |
|---|---|
| Format: | Texte |
| Sujets: | |
| Tags: |
Ajouter un tag
Pas de tags, Soyez le premier à ajouter un tag!
|
MARC
| LEADER | 00000 a a2200000 04500 | ||
|---|---|---|---|
| 001 | 40865 | ||
| 003 | |||
| 040 | |||
| 100 | |a Guadarrama Rico, Luis Alfonso | ||
| 245 | |a Sistemas de clasificación para contenidos mediáticos: |b una revisión en ocho países / |c Luis Alfonso Gudarrama Rico | ||
| 500 | |a lagrico@hotmail.com | ||
| 520 | |a En este artículo se hace una revisión detallada de una serie de sistemas de clasificación que operan los países que más preocupación han mostrado por calibrar aspectos cualitativos de los contenidos mediáticos. Sobre dicho panorama, se contrasta con el sistema de catalogación que actualmente opera en México, y, en la sección final del trabajo, se plantean algunos desafíos que aún debe enfrentar este país para mejorar su sistema de clasificación. | ||
| 590 | |a RRA/ENERO2012 | ||
| 650 | |a 1.TELEVISION | ||
| 650 | |a 2.CLASIFICACION | ||
| 650 | |a 3.VIOLENCIA | ||
| 650 | |a 4.ANALISIS DE CONTENIDO | ||
| 650 | |a 5.MEXICO | ||
| 773 | |g volumen14, número43 ( , 2007), páginas 73-103 | ||
| 999 | |c 29756 |d 29756 | ||
